[Event "Frankfurt-ch"]
[Site "Frankfurt"]
[Date "2010.06.14"]
[Round "7"]
[White "Krischak, Werner"]
[Black "Schneider, Uwe"]
[Result "0-1"]
[WhiteElo "1827"]
[BlackElo "2011"]
[PlyCount "40"]
[EventDate "2010.04.26"]
[EventType "swiss"]
[EventRounds "7"]
[EventCountry "GER"]
[SourceTitle "EXT 2011"]
[Source "ChessBase"]
[SourceDate "2010.11.26"]
[SourceVersion "1"]
[SourceVersionDate "2010.11.26"]
[SourceQuality "1"]

1. d4 f5 2. g3 Nf6 3. Bg2 e6 4. Nf3 Be7 5. 0-0 0-0 6. c4 d5 7. Nc3 Ne4 8. cxd5 exd5 9. Qb3 c6 10. Ne5 Qb6 11. e3 Qxb3 12. axb3 Be6 13. f3 Nf6 14. Nd3 Na6 15. Na4 Bd6 16. Bd2 Nc7 17. b4 Nb5 18. Nac5 Bc8 19. Rfe1 Re8 20. Re2 Nxd4 0-1

[Event "Frankfurt-ch"]
[Site "Frankfurt"]
[Date "2009.04.27"]
[Round "1"]
[White "Jordake, Michael"]
[Black "Schneider, Uwe"]
[Result "0-1"]
[WhiteElo "1640"]
[BlackElo "2010"]
[PlyCount "78"]
[EventDate "2009.04.27"]
[EventType "tourn"]
[EventRounds "7"]
[EventCountry "GER"]
[SourceTitle "EXT 2010"]
[Source "ChessBase"]
[SourceDate "2010.11.25"]
[SourceVersion "1"]
[SourceVersionDate "2010.11.25"]
[SourceQuality "1"]

1. e4 d5 2. exd5 Nf6 3. Bb5+ Bd7 4. Bc4 Bg4 5. f3 Bf5 6. g4 Bc8 7. Nc3 Nbd7 8. g5 Nb6 9. Bb5+ Nfd7 10. f4 a6 11. Ba4 Nxa4 12. Nxa4 b5 13. Nc3 Nb6 14. Nf3 Nxd5 15. Nxd5 Qxd5 16. Qe2 g6 17. d4 Bg7 18. c3 0-0 19. Rf1 Bg4 20. Qg2 Bf5 21. Nh4 Be4 22. Qg3 e6 23. Nf3 c5 24. Be3 b4 25. Ne5 bxc3 26. bxc3 cxd4 27. Bxd4 Rac8 28. Qe3 Rfd8 29. Rf2 Bf5 30. Rc1 Rb8 31. Qf3 Be4 32. Qe3 Bf5 33. Qf3 Bf8 34. Rd1 Qxf3 35. Rxf3 Rb7 36. Rf2 Rdb8 37. Rfd2 Ba3 38. c4 Bb4 39. Nd7 Rxd7 0-1

[Event "MVS Bezirks-ch"]
[Site "Bad Soden Salmuenster"]
[Date "2001.11.18"]
[Round "3"]
[White "Schneider, Uwe"]
[Black "Weber, Ralf Josef"]
[Result "1-0"]
[WhiteElo "2023"]
[BlackElo "1638"]
[PlyCount "93"]
[EventDate "2001.11.??"]
[EventType "swiss"]
[EventRounds "7"]
[EventCountry "GER"]
[SourceTitle "EXT 2004"]
[Source "ChessBase"]
[SourceDate "2003.11.25"]
[SourceVersion "1"]
[SourceVersionDate "2003.11.25"]
[SourceQuality "1"]

1. d4 c5 2. d5 e5 3. e4 d6 4. Nf3 g6 5. Be2 Bg7 6. Nc3 a6 7. a4 Ne7 8. Nd2 Nd7 9. Nc4 Nb6 10. Na3 0-0 11. a5 Nd7 12. Nc4 Qc7 13. g4 b6 14. axb6 Nxb6 15. Rg1 Bd7 16. Ra3 Rfb8 17. h4 Nxc4 18. Bxc4 Qb6 19. Qe2 Bc8 20. h5 Bb7 21. Rh1 f6 22. hxg6 hxg6 23. Na4 Qc7 24. Bh6 Kf7 25. Bxg7 Kxg7 26. Rah3 Rh8 27. Qf3 Rxh3 28. Qxh3 Rg8 29. g5 fxg5 30. Qh6+ Kf7 31. Qxg5 Qa5+ 32. Nc3 Qa1+ 33. Nd1 Qa5+ 34. c3 Qd8 35. Rh3 Rg7 36. Ne3 Bc8 37. Ng4 Bxg4 38. Qxg4 Qc8 39. Qh4 Qb7 40. Rf3+ Kg8 41. Qf6 g5 42. Qf8+ Kh7 43. Rh3+ Kg6 44. Be2 Rh7 45. Bh5+ Rxh5 46. Qe8+ Kg7 47. Rxh5 1-0

[Event "MVS Bezirks-ch"]
[Site "Bad Soden Salmuenster"]
[Date "2001.11.17"]
[Round "2"]
[White "Schnarr, Steffen"]
[Black "Schneider, Uwe"]
[Result "1/2-1/2"]
[WhiteElo "1669"]
[BlackElo "2023"]
[PlyCount "31"]
[EventDate "2001.11.??"]
[EventType "swiss"]
[EventRounds "7"]
[EventCountry "GER"]
[SourceTitle "EXT 2004"]
[Source "ChessBase"]
[SourceDate "2003.11.25"]
[SourceVersion "1"]
[SourceVersionDate "2003.11.25"]
[SourceQuality "1"]

1. d4 Nf6 2. c4 e6 3. Nf3 b6 4. g3 Bb7 5. Bg2 Be7 6. 0-0 0-0 7. Nc3 c5 8. d5 exd5 9. cxd5 d6 10. e4 Nbd7 11. Qe2 a6 12. a4 Ne8 13. Nd2 Bf6 14. Nc4 Bd4 15. Be3 Qe7 16. Rfd1 1/2-1/2